Central Library OPAC University of Rajshahi

Advanced fertilizer management enhances productivity and suppresses foliar disease of mulberry plant / (Record no. 81771)

MARC details
000 -LEADER
fixed length control field 01017nam a22002417a 4500
001 - CONTROL NUMBER
RUCL Control Number 81771
003 - CONTROL NUMBER IDENTIFIER
rucl marc code BD-RjUL
005 - DATE AND TIME OF LATEST TRANSACTION
control field 20231206125057.0
008 - FIXED-LENGTH DATA ELEMENTS--GENERAL INFORMATION
fixed length control field 230824s2021 bg a|||| m||| 00| 0 eng d
035 ## - SYSTEM CONTROL NUMBER
system control number (BD-RjUL)81771
040 ## - CATALOGING SOURCE
Original cataloging agency BD-RjUL
Language of cataloging eng
Transcribing agency BD-RjUL
Modifying agency BD-RjUL
041 ## - LANGUAGE CODE
Language code of Book eng
082 ## - DEWEY DECIMAL CLASSIFICATION NUMBER
DDC Edition number 23
Classification number 631.8
Author mark and Year AHA 2021
100 ## - MAIN ENTRY--PERSONAL NAME
Personal name Ahmed. Faruque
9 (RLIN) 8565
245 10 - TITLE STATEMENT
Title Advanced fertilizer management enhances productivity and suppresses foliar disease of mulberry plant /
Statement of responsibility, etc Submitted By Faruque Ahmed ;
Name of Supervisor/Co-Supervisor Supervisor : Md. Toufiq Iqbal
260 ## - PUBLICATION, DISTRIBUTION, ETC. (IMPRINT)
Place of publication, distribution, etc Rajshahi :
Name of publisher, distributor, etc Department of Agronomy and Agricultural Extension Faculty of Agriculture, University of Rajshahi,
Date of publication, distribution, etc 2021
300 ## - PHYSICAL DESCRIPTION
Pagination xxxiv, 282 leaves :
Other physical details ill, ;
Dimensions 29.cm.
502 ## - DISSERTATION NOTE
Dissertation note Thesis (Ph. D.) -- Department of Agronomy and Agricultural Extension Faculty of Agriculture, University of Rajshahi, 2021
504 ## - BIBLIOGRAPHY, ETC. NOTE
Bibliography, etc References : Leaves 251 - 276
650 ## - SUBJECT ADDED ENTRY--TOPICAL TERM
Topical term or geographic name as entry element Fertilizers
Form subdivision Materials
9 (RLIN) 8566
700 ## - ADDED ENTRY--SUPERVISOR/CO-SUPERVISOR NAME
Personal name Iqbal, Md. Toufiq, Supervisor
9 (RLIN) 6809
942 ## - ADDED ENTRY ELEMENTS (KOHA)
Source of classification or shelving scheme Dewey Decimal Classification
Koha item type Reference
Holdings
Source of classification or shelving scheme Damaged status Not for loan Collection code Permanent Location Current Location Shelving location Date of accession Source of acquisition Full call number Barcode Date last seen Copy number Thesis
Dewey Decimal Classification   Not For Loan Theses Central Library, University of Rajshahi Central Library, University of Rajshahi Documentation Section 09/08/2023 Controller of Exam. R. U. THE 631.8 AHA 2021 D4865 24/08/2023 C-1 Reference